[Event "Rostock SSC op 18th"]
[Site "Rostock"]
[Date "2019.08.08"]
[Round "3"]
[White "Khachatryan, Taron"]
[Black "Baer, Soeren"]
[Result "1/2-1/2"]
[WhiteElo "1926"]
[BlackElo "2107"]
[PlyCount "41"]
[EventDate "2019.08.07"]
[EventType "swiss"]
[EventRounds "7"]
[EventCountry "GER"]
[SourceTitle "EXT 2020"]
[Source "ChessBase"]
[SourceDate "2019.10.17"]
[SourceVersion "1"]
[SourceVersionDate "2019.10.17"]
[SourceQuality "1"]

1. d4 Nf6 2. Nf3 e6 3. Bf4 c5 4. e3 b6 5. c4 Bb7 6. Nc3 cxd4 7. exd4 Bb4 8. Bd3 0-0 9. 0-0 Bxc3 10. bxc3 d6 11. Nd2 Qc7 12. Qe2 Nbd7 13. Rfe1 Rfe8 14. Bg5 Rac8 15. f3 Ba6 16. Rab1 d5 17. Rb4 dxc4 18. Bxc4 Bxc4 19. Rxc4 Qb7 20. Bxf6 Nxf6 21. Ne4 1/2-1/2

[Event "Rostock SSC op 18th"]
[Site "Rostock"]
[Date "2019.08.07"]
[Round "1"]
[White "Seichter, Andreas"]
[Black "Baer, Soeren"]
[Result "0-1"]
[WhiteElo "1697"]
[BlackElo "2107"]
[PlyCount "56"]
[EventDate "2019.08.07"]
[EventType "swiss"]
[EventRounds "7"]
[EventCountry "GER"]
[SourceTitle "EXT 2020"]
[Source "ChessBase"]
[SourceDate "2019.10.17"]
[SourceVersion "1"]
[SourceVersionDate "2019.10.17"]
[SourceQuality "1"]

1. e4 c5 2. Nf3 g6 3. d4 cxd4 4. Nxd4 Nc6 5. Be3 Nf6 6. Nc3 Bg7 7. f3 0-0 8. Bc4 Qb6 9. Bb3 Nxe4 10. Nd5 Qa5+ 11. c3 Nc5 12. Nxc6 dxc6 13. Nxe7+ Kh8 14. Nxc8 Re8 15. Kf2 Raxc8 16. Bxf7 Red8 17. Qc2 Nd3+ 18. Ke2 Qa6 19. c4 Nxb2 20. Rab1 Na4 21. Kf2 Rc7 22. Be6 Re8 23. Bh3 Rce7 24. Rb3 Rxe3 25. Rxe3 Bd4 26. Rhe1 Qa5 27. Qd3 Qxe1+ 28. Kxe1 Rxe3+ 0-1

[Event "Oberliga Ost-A 1415"]
[Site "Germany"]
[Date "2015.04.11"]
[Round "10.3"]
[White "Liebert, Heinz"]
[Black "Baer, Soeren"]
[Result "1/2-1/2"]
[WhiteElo "2240"]
[BlackElo "2069"]
[PlyCount "49"]
[EventDate "2014.09.21"]
[EventType "team-tourn"]
[EventRounds "11"]
[EventCountry "GER"]
[SourceTitle "EXT 2016"]
[Source "ChessBase"]
[SourceDate "2015.10.08"]
[SourceVersion "1"]
[SourceVersionDate "2015.10.08"]
[SourceQuality "1"]
[WhiteTeam "Halle Volksbank"]
[BlackTeam "Chemnitz USG"]
[WhiteTeamCountry "GER"]
[BlackTeamCountry "GER"]

1. c4 Nf6 2. Nf3 c5 3. Nc3 e6 4. g3 b6 5. Bg2 Bb7 6. d4 cxd4 7. Qxd4 Nc6 8. Qf4 Bb4 9. Bd2 0-0 10. a3 Be7 11. 0-0 Rc8 12. Nb5 d5 13. Rac1 a6 14. Nbd4 dxc4 15. Nxc6 Bxc6 16. Rxc4 Nd5 17. Qe4 Nc3 18. Qe3 Nd5 19. Qb3 b5 20. Rc2 Nb6 21. Rfc1 Nc4 22. Bb4 Be4 23. Rc3 Bxb4 24. Qxb4 Qd6 25. Qxd6 1/2-1/2

[Event "Oberliga Ost-A 1415"]
[Site "Germany"]
[Date "2014.11.09"]
[Round "4.4"]
[White "Hansch, Karsten"]
[Black "Baer, Soeren"]
[Result "1/2-1/2"]
[WhiteElo "2181"]
[BlackElo "2069"]
[PlyCount "82"]
[EventDate "2014.09.21"]
[EventType "team-tourn"]
[EventRounds "11"]
[EventCountry "GER"]
[SourceTitle "EXT 2016"]
[Source "ChessBase"]
[SourceDate "2015.10.08"]
[SourceVersion "1"]
[SourceVersionDate "2015.10.08"]
[SourceQuality "1"]
[WhiteTeam "Magdeburg Aufbau Elbe"]
[BlackTeam "Chemnitz USG"]
[WhiteTeamCountry "GER"]
[BlackTeamCountry "GER"]

1. c4 e5 2. g3 Nf6 3. Bg2 d5 4. cxd5 Nxd5 5. Nc3 Nb6 6. Nf3 Nc6 7. 0-0 Be7 8. a3 0-0 9. b4 Re8 10. d3 Bf8 11. Bb2 a5 12. b5 Nd4 13. Rc1 a4 14. Nd2 Ra7 15. Nc4 Be6 16. Nxb6 cxb6 17. e3 Bb3 18. Qg4 Ne6 19. Ne4 Nc5 20. Nxc5 bxc5 21. Be4 g6 22. f4 exf4 23. Qxf4 b6 24. Bf6 Qd6 25. Bc6 Re6 26. Qxd6 Rxd6 27. d4 c4 28. e4 Bg7 29. Bxg7 Kxg7 30. d5 Re7 31. Rfe1 f6 32. Kf2 Re5 33. g4 h6 34. Rc3 Rg5 35. Kf3 Re5 36. Ke3 Rg5 37. Kf4 Re5 38. h4 Kf8 39. Rh1 Re7 40. Rh2 Kg7 41. Rc1 Rd8 1/2-1/2

[Event "GER-ch 84th"]
[Site "Saarbruecken"]
[Date "2013.09.09"]
[Round "4"]
[White "Baer, Soeren"]
[Black "Jussupow, Nadejda"]
[Result "0-1"]
[WhiteElo "2139"]
[BlackElo "2156"]
[PlyCount "104"]
[EventDate "2013.09.06"]
[EventType "swiss"]
[EventRounds "9"]
[EventCountry "GER"]
[SourceTitle "CBM 156 Extra"]
[Source "ChessBase"]
[SourceDate "2013.10.22"]
[SourceVersion "1"]
[SourceVersionDate "2013.10.22"]
[SourceQuality "1"]

1. Nf3 Nf6 2. c4 g6 3. g3 Bg7 4. Bg2 c6 5. d4 d5 6. b3 0-0 7. 0-0 Ne4 8. Bb2 a5 9. Nc3 Bf5 10. Rc1 Na6 11. Nh4 Nxc3 12. Bxc3 Be6 13. cxd5 cxd5 14. e3 b5 15. Qe2 Qb6 16. Rfd1 Rac8 17. Bf1 Nc7 18. Be1 Bd7 19. Nf3 b4 20. Rc5 Ne6 21. Rxc8 Rxc8 22. Ne5 Be8 23. Bg2 Qd6 24. f4 Nf8 25. g4 e6 26. Bg3 Qc7 27. e4 f6 28. Nf3 dxe4 29. Qxe4 Qc2 30. Qxc2 Rxc2 31. Rd2 Rxd2 32. Nxd2 f5 33. Bf2 fxg4 34. Nc4 a4 35. Nd6 axb3 36. axb3 Bf7 37. Nxf7 Kxf7 38. d5 Nd7 39. d6 e5 40. Bd5+ Ke8 41. Be1 exf4 42. Bxb4 Bd4+ 43. Kf1 h5 44. Be6 f3 45. Ba3 Nf6 46. Bc1 Be5 47. Bg5 Nd7 48. h3 g3 49. Be3 Bxd6 50. Bd5 Ne5 51. Bd4 g5 52. Bxe5 g2+ 0-1

[Event "GER Daehne Cup"]
[Site "Halle"]
[Date "2012.06.08"]
[Round "3.10"]
[White "Baer, Soeren"]
[Black "Hassenrueck, Helmut"]
[Result "0-1"]
[WhiteElo "2145"]
[BlackElo "2227"]
[PlyCount "78"]
[EventDate "2012.06.07"]
[EventType "k.o."]
[EventRounds "5"]
[EventCountry "GER"]
[SourceTitle "EXT 2016"]
[Source "ChessBase"]
[SourceDate "2015.10.08"]
[SourceVersion "1"]
[SourceVersionDate "2015.10.08"]
[SourceQuality "1"]

1. Nf3 Nf6 2. c4 e6 3. g3 d5 4. d4 dxc4 5. Bg2 Bb4+ 6. Bd2 c5 7. 0-0 0-0 8. Qc2 Bxd2 9. Qxd2 cxd4 10. Qxd4 Nc6 11. Qxc4 e5 12. Nc3 Be6 13. Qa4 Qb6 14. Qb5 Qc7 15. e3 a6 16. Qa4 b5 17. Qh4 b4 18. Na4 Qa5 19. b3 Ne7 20. g4 Bxg4 21. Qg5 Ng6 22. e4 h6 23. Qe3 Nf4 24. Rac1 Rac8 25. Rc5 Rxc5 26. Qxc5 Qd8 27. Nxe5 Be2 28. Re1 Nxg2 29. Kxg2 Bb5 30. Qe3 Nh5 31. Nc5 Qf6 32. Ncd3 Rd8 33. Ng4 Qe6 34. Nde5 f6 35. Nxh6+ gxh6 36. Qxh6 Qxe5 37. Kh1 Kf7 38. Qh7+ Ke6 39. Rg1 Be2 0-1

[Event "GER Daehne Cup"]
[Site "Halle"]
[Date "2012.06.08"]
[Round "4.8"]
[White "Herbrechtsmeier, Christof"]
[Black "Baer, Soeren"]
[Result "1/2-1/2"]
[WhiteElo "2297"]
[BlackElo "2145"]
[PlyCount "49"]
[EventDate "2012.06.07"]
[EventType "k.o."]
[EventRounds "5"]
[EventCountry "GER"]
[SourceTitle "EXT 2016"]
[Source "ChessBase"]
[SourceDate "2015.10.08"]
[SourceVersion "1"]
[SourceVersionDate "2015.10.08"]
[SourceQuality "1"]

1. e4 c5 2. Nf3 g6 3. d4 cxd4 4. Nxd4 Nc6 5. Nc3 Bg7 6. Be3 Nf6 7. Bc4 0-0 8. Bb3 a5 9. a4 d6 10. f3 Nxd4 11. Bxd4 Bd7 12. g4 Bc6 13. h4 Nd7 14. Bxg7 Kxg7 15. h5 g5 16. h6+ Kh8 17. Qd4+ f6 18. 0-0-0 Qb6 19. Qxb6 Nxb6 20. Rd4 Nd7 21. Kd2 Ne5 22. Ke3 Ra6 23. Rb1 Nd7 24. Bc4 Raa8 25. Rbd1 1/2-1/2

[Event "GER Daehne Cup"]
[Site "Halle"]
[Date "2012.06.07"]
[Round "1.12"]
[White "Baer, Soeren"]
[Black "Jandke, Manfred"]
[Result "1/2-1/2"]
[WhiteElo "2145"]
[BlackElo "2173"]
[PlyCount "119"]
[EventDate "2012.06.07"]
[EventType "k.o."]
[EventRounds "5"]
[EventCountry "GER"]
[SourceTitle "EXT 2016"]
[Source "ChessBase"]
[SourceDate "2015.10.08"]
[SourceVersion "1"]
[SourceVersionDate "2015.10.08"]
[SourceQuality "1"]

1. Nf3 d5 2. d4 c6 3. c4 Nf6 4. Nc3 e6 5. g3 Nbd7 6. Qd3 Bb4 7. Bg2 0-0 8. 0-0 Qa5 9. Bd2 Qa6 10. b3 dxc4 11. bxc4 Rd8 12. Ne4 Bxd2 13. Nfxd2 Nxe4 14. Qxe4 Qa5 15. Nb3 Qb4 16. Qc2 a5 17. a3 Qe7 18. Rfd1 a4 19. Nd2 Nf6 20. Nf3 Bd7 21. e4 Be8 22. e5 Nd7 23. h4 Nf8 24. c5 f6 25. exf6 gxf6 26. Re1 Qg7 27. Qc4 Bf7 28. Qb4 Bh5 29. Rab1 Rd7 30. Qc4 Bf7 31. Rb4 e5 32. Qc3 exd4 33. Rxd4 Rad8 34. Rxd7 Rxd7 35. Bh3 Rd5 36. Re7 Qg6 37. Bg2 Rd3 38. Qb4 Qf5 39. Ne1 Rb3 40. Qxa4 Rb2 41. Qd4 Ra2 42. Be4 Ne6 43. Bxf5 Nxd4 44. Bxh7+ Kf8 45. Rxb7 f5 46. f3 Rxa3 47. h5 Ra1 48. Kf2 Bxh5 49. Nd3 Ra3 50. Ne5 Bxf3 51. Bxf5 Nxf5 52. Nxf3 Ra2+ 53. Kg1 Rc2 54. g4 Ne7 55. Nd4 Rc4 56. Ne6+ Kf7 57. Ng5+ Ke8 58. Rb8+ Kd7 59. Rb7+ Ke8 60. Rb8+ 1/2-1/2

[Event "Oberliga Ost-A 1112"]
[Site "Germany"]
[Date "2012.01.15"]
[Round "7.8"]
[White "Baer, Soeren"]
[Black "Scheurer, Ulf"]
[Result "1/2-1/2"]
[WhiteElo "2150"]
[BlackElo "2087"]
[PlyCount "91"]
[EventDate "2011.09.25"]
[EventType "team-tourn"]
[EventRounds "11"]
[EventCountry "GER"]
[SourceTitle "EXT 2013"]
[Source "ChessBase"]
[SourceDate "2012.11.22"]
[SourceVersion "1"]
[SourceVersionDate "2012.11.22"]
[SourceQuality "1"]
[WhiteTeam "Chemnitz"]
[BlackTeam "Coswig"]
[WhiteTeamCountry "GER"]
[BlackTeamCountry "GER"]

1. Nf3 d5 2. d4 Nf6 3. c4 e6 4. g3 Be7 5. Bg2 0-0 6. 0-0 c6 7. Qc2 Nbd7 8. b3 dxc4 9. Qxc4 Qa5 10. Bb2 Rd8 11. Nbd2 Nb6 12. Qc2 Bd7 13. Ne5 Rac8 14. Nd3 Nbd5 15. Nc4 Qc7 16. a3 b5 17. Nce5 c5 18. dxc5 Bxc5 19. Qd2 Qb6 20. e4 Ne3 21. Rfc1 Nxg2 22. Nxc5 Rxc5 23. Rxc5 Qxc5 24. Kxg2 Nxe4 25. Qf4 f5 26. Rd1 Nf6 27. b4 Qe7 28. Kg1 Nd5 29. Qd4 Be8 30. h4 Rc8 31. Nd3 Bh5 32. Re1 Nf6 33. Nc5 Rc6 34. Qe5 Kf7 35. Qb8 Rb6 36. Qe5 Bf3 37. Re3 Bd5 38. Rd3 Kg6 39. Qe3 h6 40. Bd4 Rc6 41. f3 Kf7 42. Rd1 Rc8 43. Nd3 a6 44. Ne5+ Kg8 45. Ng6 Qf7 46. Ne5 1/2-1/2

[Event "Nordhausen op 8th"]
[Site "Nordhausen"]
[Date "2008.08.01"]
[Round "3.1"]
[White "Baer, Soeren"]
[Black "Teske, Henrik"]
[Result "0-1"]
[WhiteElo "2107"]
[BlackElo "2504"]
[PlyCount "131"]
[EventDate "2008.07.31"]
[EventType "swiss"]
[EventRounds "7"]
[EventCountry "GER"]
[SourceTitle "EXT 2019"]
[Source "ChessBase"]
[SourceDate "2018.10.10"]
[SourceVersion "1"]
[SourceVersionDate "2018.10.10"]
[SourceQuality "1"]

1. Nf3 d5 2. d4 Nf6 3. c4 dxc4 4. e3 Bg4 5. Bxc4 e6 6. 0-0 a6 7. b3 c5 8. dxc5 Qxd1 9. Rxd1 Bxc5 10. Nbd2 Nbd7 11. Bb2 Ke7 12. Be2 Rhd8 13. Rac1 b5 14. Kf1 Rac8 15. h3 Bh5 16. a4 Rb8 17. axb5 axb5 18. g4 Bg6 19. Nd4 Bxd4 20. Bxd4 Ne8 21. b4 f6 22. Nb3 e5 23. Bb2 Be4 24. f3 Ba8 25. Ra1 Nd6 26. Ra7 Rb7 27. Rda1 Rxa7 28. Rxa7 Bd5 29. Nc5 Bc6 30. Bc3 Ra8 31. Rc7 Rc8 32. Ra7 h6 33. Be1 g5 34. Bg3 Nc4 35. Kf2 Ra8 36. Rxa8 Bxa8 37. Nb3 Nb8 38. Nc1 Bd5 39. f4 Nc6 40. fxe5 fxe5 41. Na2 e4 42. Nc3 Nxb4 43. Nxb5 Nd3+ 44. Bxd3 exd3 45. Nc3 Bf7 46. e4 Ke6 47. Bb8 h5 48. Nd1 Bg6 49. Nc3 Be8 50. Bc7 Kd7 51. Bb8 Ke7 52. Ba7 Kf6 53. Bd4+ Kg6 54. Be3 hxg4 55. hxg4 Bd7 56. Kf3 Bxg4+ 57. Kxg4 Nxe3+ 58. Kf3 Nc4 59. Nd1 Kh5 60. e5 g4+ 61. Ke4 g3 62. Kf3 Kh4 63. e6 Ne5+ 64. Kg2 Ng6 65. Ne3 Ne7 66. Nf1 0-1

[Event "Leipzig VfB op 15th"]
[Site "Leipzig"]
[Date "2008.02.28"]
[Round "4"]
[White "Baer, Soeren"]
[Black "Eichner, Sebastian"]
[Result "0-1"]
[WhiteElo "2119"]
[BlackElo "2334"]
[PlyCount "102"]
[EventDate "2008.02.26"]
[EventType "swiss"]
[EventRounds "9"]
[EventCountry "GER"]
[SourceTitle "CBM 123 Extra"]
[Source "ChessBase"]
[SourceDate "2008.05.06"]
[SourceVersion "1"]
[SourceVersionDate "2008.05.06"]
[SourceQuality "1"]

1. Nf3 d5 2. d4 c6 3. c4 Nf6 4. Nc3 Bf5 5. Qb3 Qb6 6. cxd5 Qxb3 7. axb3 Nxd5 8. e4 Nxc3 9. exf5 Nd5 10. Bd2 g6 11. fxg6 hxg6 12. Be2 e6 13. 0-0 Nd7 14. Rfd1 Bd6 15. g3 a6 16. Ng5 N7f6 17. Bf3 Rd8 18. Ne4 Nxe4 19. Bxe4 Be7 20. Bf3 Bf6 21. Bc3 Rd7 22. Rd3 Kd8 23. Kg2 Kc7 24. h4 g5 25. hxg5 Bxg5 26. Rh1 Rxh1 27. Kxh1 Kd8 28. Rd1 Ke7 29. Kg2 Kf6 30. Rh1 Nxc3 31. bxc3 Bd2 32. c4 Rxd4 33. Rh8 Rd3 34. Rb8 Rxb3 35. Bxc6 Rb4 36. Rxb7 Rxb7 37. Bxb7 a5 38. Bc6 Ke5 39. Kf3 Kd4 40. Be8 f6 41. Ke2 Bb4 42. Bf7 e5 43. Kd1 e4 44. Be6 a4 45. g4 Ke5 46. Bd7 a3 47. Kc2 Bc5 48. Bb5 Kf4 49. Bd7 Bxf2 50. c5 Bxc5 51. Be6 e3 0-1

[Event "Dresden ZMD op"]
[Site "Dresden"]
[Date "2007.07.28"]
[Round "8"]
[White "Albers, Andreas"]
[Black "Baer, Soeren"]
[Result "1/2-1/2"]
[WhiteElo "2009"]
[BlackElo "2143"]
[PlyCount "140"]
[EventDate "2007.07.21"]
[EventType "swiss"]
[EventRounds "9"]
[EventCountry "GER"]
[SourceTitle "EXT 2008"]
[Source "ChessBase"]
[SourceDate "2007.11.25"]
[SourceVersion "1"]
[SourceVersionDate "2007.11.25"]
[SourceQuality "1"]

1. e4 c5 2. Nf3 g6 3. d4 cxd4 4. Qxd4 Nf6 5. e5 Nc6 6. Qa4 Nd5 7. Qe4 Nc7 8. Bc4 Bg7 9. 0-0 b5 10. Bb3 Bb7 11. Qe2 Na5 12. Nd4 Nxb3 13. Nxb3 0-0 14. Nc3 b4 15. Nb5 Ba6 16. a4 bxa3 17. c4 axb2 18. Bxb2 Bxb5 19. cxb5 Qb8 20. Nc5 Qxb5 21. Qxb5 Nxb5 22. Nxd7 Rfd8 23. Rfd1 Nd6 24. exd6 Rxd7 25. dxe7 Rxe7 26. Bxg7 Kxg7 27. Ra6 Rd8 28. Raa1 Rxd1+ 29. Rxd1 a5 30. Kf1 Kf6 31. Ra1 Re5 32. f4 Rb5 33. Ke2 Ke6 34. g3 Kd6 35. Kd3 Kc6 36. Kc3 Rc5+ 37. Kd4 Rd5+ 38. Kc3 Rc5+ 39. Kd4 Rb5 40. Kc3 Kb6 41. Ra2 h5 42. Re2 a4 43. Ra2 Ka5 44. Kc4 Rb1 45. Kc3 Kb5 46. Re2 Rc1+ 47. Kb2 Rc7 48. Re5+ Kb4 49. Re4+ Rc4 50. Re7 a3+ 51. Kb1 a2+ 52. Kxa2 Rc2+ 53. Kb1 Rxh2 54. Rxf7 Rg2 55. Rg7 Rxg3 56. f5 g5 57. f6 g4 58. f7 Rf3 59. Kc2 Kc4 60. Kd2 Kd4 61. Ke2 Ke4 62. Rh7 Rf5 63. Rxh5 Rxf7 64. Ra5 Kf4 65. Kf2 Rc7 66. Ra4+ Kg5 67. Ra8 Rc2+ 68. Kg3 Rc3+ 69. Kg2 Kf4 70. Ra4+ Kg5 1/2-1/2

[Event "EU-ch 8th"]
[Site "Dresden"]
[Date "2007.04.14"]
[Round "11"]
[White "Wilke, Werner"]
[Black "Baer, Soeren"]
[Result "0-1"]
[WhiteElo "2253"]
[BlackElo "2129"]
[PlyCount "72"]
[EventDate "2007.04.03"]
[EventType "swiss"]
[EventRounds "11"]
[EventCountry "GER"]
[SourceTitle "CBM 118"]
[Source "ChessBase"]
[SourceDate "2007.05.31"]
[SourceVersion "1"]
[SourceVersionDate "2007.05.31"]
[SourceQuality "1"]

1. e4 c5 2. c3 d5 3. exd5 Qxd5 4. d4 g6 5. Nf3 Bg7 6. dxc5 Qxc5 7. Be3 Qa5 8. Qb3 Nf6 9. Bb5+ Nfd7 10. 0-0 0-0 11. Re1 Nc6 12. Na3 Nde5 13. Nxe5 Nxe5 14. Bd4 Be6 15. Qc2 Qc7 16. h3 a6 17. Bf1 b5 18. Qe4 Nc6 19. Bxg7 Kxg7 20. Nc2 Rad8 21. a4 Bf5 22. Qe2 Bd3 23. Qe3 Bxc2 24. axb5 axb5 25. Bxb5 Qb7 26. Qc5 Rd6 27. Ra6 Nb8 28. Ra7 Qb6 29. Qe5+ Kg8 30. Qxe7 Rf6 31. Re2 Qxb5 32. Rxc2 Re6 33. Qc7 Re1+ 34. Kh2 Qd3 35. Ra8 Nd7 36. Qc6 Qxc2 0-1

[Event "EU-ch 8th"]
[Site "Dresden"]
[Date "2007.04.11"]
[Round "8"]
[White "Baer, Soeren"]
[Black "Graf, Felix"]
[Result "0-1"]
[WhiteElo "2129"]
[BlackElo "2262"]
[PlyCount "88"]
[EventDate "2007.04.03"]
[EventType "swiss"]
[EventRounds "11"]
[EventCountry "GER"]
[SourceTitle "CBM 118"]
[Source "ChessBase"]
[SourceDate "2007.05.31"]
[SourceVersion "1"]
[SourceVersionDate "2007.05.31"]
[SourceQuality "1"]

1. d4 Nf6 2. c4 e6 3. Nf3 Bb4+ 4. Bd2 Qe7 5. g3 Nc6 6. Nc3 0-0 7. Bg2 Na5 8. b3 b6 9. 0-0 Bb7 10. Qc2 Rac8 11. Bc1 Bxc3 12. Qxc3 Ne4 13. Qc2 f5 14. Rd1 Nc6 15. a3 Nb8 16. Ne5 d6 17. Nd3 c5 18. f3 Nf6 19. dxc5 bxc5 20. Bb2 Nc6 21. Nf2 e5 22. Qxf5 Nd4 23. Bxd4 exd4 24. Qd3 Rce8 25. Rd2 Qf7 26. Nd1 Ng4 27. Qc2 Qf6 28. Rc1 Ne3 29. Nxe3 Rxe3 30. Rd3 Be4 31. f4 Bxd3 32. exd3 Rfe8 33. Bd5+ Kh8 34. Be4 R8xe4 35. dxe4 d3 36. e5 dxe5 37. Qg2 e4 38. Qf2 Qd4 39. Rd1 Re2 40. Qxd4 cxd4 41. c5 Rc2 42. b4 d2 43. Kf2 e3+ 44. Ke2 Rc1 0-1

[Event "EU-ch 8th"]
[Site "Dresden"]
[Date "2007.04.07"]
[Round "5"]
[White "Calder, Dennis"]
[Black "Baer, Soeren"]
[Result "1/2-1/2"]
[WhiteElo "2009"]
[BlackElo "2129"]
[PlyCount "97"]
[EventDate "2007.04.03"]
[EventType "swiss"]
[EventRounds "11"]
[EventCountry "GER"]
[SourceTitle "CBM 118"]
[Source "ChessBase"]
[SourceDate "2007.05.31"]
[SourceVersion "1"]
[SourceVersionDate "2007.05.31"]
[SourceQuality "1"]

1. d4 e6 2. Nf3 c5 3. c4 cxd4 4. Nxd4 b6 5. Nc3 Nf6 6. Bf4 a6 7. e3 Bb7 8. f3 d6 9. Bg5 Be7 10. Bd3 Nbd7 11. 0-0 0-0 12. Qe2 Rc8 13. Rac1 Re8 14. Bb1 Qc7 15. b3 Qb8 16. Na4 Bd8 17. Rfd1 Bc7 18. Qc2 d5 19. Bxf6 Nxf6 20. g4 g6 21. Qf2 dxc4 22. bxc4 e5 23. Ne2 e4 24. g5 Nh5 25. f4 Rcd8 26. Nac3 Qc8 27. Qg2 Rxd1+ 28. Rxd1 Qf5 29. Nd5 Bxd5 30. Rxd5 Qe6 31. Nd4 Qe7 32. Nc6 Qa3 33. Qd2 Qa4 34. Ne5 Bxe5 35. fxe5 Qxc4 36. e6 fxe6 37. Rd8 Qb5 38. Rxe8+ Qxe8 39. Bxe4 Qe7 40. Qg2 Qc5 41. Kf2 Qe5 42. Bc2 Qd6 43. Ke2 Qc7 44. Bb3 Kf7 45. Qh3 Qe5 46. Qf3+ Ke8 47. Qc6+ Ke7 48. Qb7+ Ke8 49. Qc8+ 1/2-1/2

[Event "EU-ch 8th"]
[Site "Dresden"]
[Date "2007.04.03"]
[Round "1"]
[White "Erdos, Viktor"]
[Black "Baer, Soeren"]
[Result "1-0"]
[WhiteElo "2518"]
[BlackElo "2129"]
[PlyCount "79"]
[EventDate "2007.04.03"]
[EventType "swiss"]
[EventRounds "11"]
[EventCountry "GER"]
[SourceTitle "CBM 118"]
[Source "ChessBase"]
[SourceDate "2007.05.31"]
[SourceVersion "1"]
[SourceVersionDate "2007.05.31"]
[SourceQuality "1"]

1. d4 Nf6 2. c4 e6 3. Nf3 b6 4. Nc3 Bb4 5. Bg5 Bb7 6. Nd2 h6 7. Bh4 Be7 8. e4 Nxe4 9. Bxe7 Nxc3 10. Bxd8 Nxd1 11. Bxc7 Nxb2 12. a4 d5 13. cxd5 exd5 14. Ra2 Nc4 15. Nxc4 dxc4 16. Bxc4 0-0 17. d5 Na6 18. Bxa6 Bxa6 19. f3 Rfe8+ 20. Kf2 Bc8 21. Rd1 Bd7 22. a5 b5 23. a6 f6 24. Bf4 Kf7 25. Rc1 Rac8 26. Rxc8 Rxc8 27. Be3 Ra8 28. Bc5 g6 29. Ke3 h5 30. Kd4 Bf5 31. Ra5 Bd7 32. Ra3 Bf5 33. Kc3 Rd8 34. Bxa7 Rxd5 35. Kb4 Rd2 36. Be3 Rd8 37. a7 Ra8 38. Kxb5 Be6 39. Kc6 Rd8 40. Ra5 1-0

[Event "Leipzig VfB op 14th"]
[Site "Leipzig"]
[Date "2007.03.24"]
[Round "8"]
[White "Baer, Soeren"]
[Black "Langer, Wolfgang2222"]
[Result "1-0"]
[WhiteElo "2121"]
[BlackElo "2002"]
[PlyCount "45"]
[EventDate "2007.03.20"]
[EventType "swiss"]
[EventRounds "9"]
[EventCountry "GER"]
[SourceTitle "EXT 2008"]
[Source "ChessBase"]
[SourceDate "2007.11.25"]
[SourceVersion "1"]
[SourceVersionDate "2007.11.25"]
[SourceQuality "1"]

1. d4 d6 2. g3 g6 3. Bg2 Bg7 4. e4 Nf6 5. Ne2 0-0 6. Nbc3 e5 7. h3 Nc6 8. Be3 Re8 9. 0-0 Bd7 10. Re1 a6 11. Kh2 exd4 12. Nxd4 Ne5 13. f4 Nc4 14. Bc1 c5 15. Nde2 Bc6 16. Qd3 Nb6 17. Ng1 Nc8 18. Be3 b5 19. e5 Bxg2 20. exf6 Bxf6 21. Kxg2 Qc7 22. Nf3 c4 23. Nd5 1-0

[Event "Leipzig VfB op 14th"]
[Site "Leipzig"]
[Date "2007.03.24"]
[Round "7"]
[White "Berry, Stephen"]
[Black "Baer, Soeren"]
[Result "1-0"]
[WhiteElo "2379"]
[BlackElo "2121"]
[PlyCount "113"]
[EventDate "2007.03.20"]
[EventType "swiss"]
[EventRounds "9"]
[EventCountry "GER"]
[SourceTitle "EXT 2008"]
[Source "ChessBase"]
[SourceDate "2007.11.25"]
[SourceVersion "1"]
[SourceVersionDate "2007.11.25"]
[SourceQuality "1"]

1. e4 c5 2. Nf3 g6 3. d4 cxd4 4. Qxd4 Nf6 5. e5 Nc6 6. Qa4 Nd5 7. Qb3 Nc7 8. Bc4 Ne6 9. Bxe6 dxe6 10. 0-0 Bg7 11. Bf4 0-0 12. Na3 Qc7 13. Rfe1 b6 14. Nb5 Qb7 15. Rad1 Bd7 16. Nbd4 Rac8 17. h4 Nxd4 18. Nxd4 Bc6 19. Qg3 Bd5 20. a3 b5 21. h5 b4 22. h6 Bh8 23. axb4 Qxb4 24. b3 Rfd8 25. c4 Ba8 26. Qe3 Qb7 27. f3 a6 28. Rd2 Rb8 29. Red1 Re8 30. Rd3 Qc7 31. Ne2 Qa5 32. Kf2 Bc6 33. Nd4 Ba8 34. Kg1 Qc7 35. Kh2 Qa5 36. Bg3 Qc7 37. Qd2 Qb7 38. Qf4 Qc7 39. Qe3 Qb7 40. Ne2 Qc7 41. Rd7 Qa5 42. Ng1 Bc6 43. R7d3 Qa3 44. Nh3 Qa5 45. Nf2 Qa3 46. Ne4 Bxe4 47. Qxe4 Qc5 48. f4 Qa3 49. Qc6 Qa5 50. Bf2 Rbc8 51. Qd7 Bxe5 52. fxe5 Qxe5+ 53. Kg1 f6 54. Re3 Qg5 55. Qxe6+ Kf8 56. Rd7 Qc5 57. Rf3 1-0